[Event "45th Olympiad 2024"]
[Site "Budapest HUN"]
[Date "2024.09.21"]
[Round "10.43"]
[Board "2"]
[White "Ang, Ern Jie Anderson"]
[Black "Kozusek, Daniel"]
[Result "0-1"]
[WhiteElo "2132"]
[BlackElo "2367"]
[PlyCount "168"]
[EventDate "2024.09.11"]
[WhiteTeam "Malaysia"]
[BlackTeam "Wales"]
[WhiteTeamCountry "MAS"]
[BlackTeamCountry "WLS"]

1. Nf3 d5 2. g3 b6 3. Bg2 Bb7 4. O-O e6 5. b3 Nf6 6. Bb2 Be7 7. d4 O-O 8. Nbd2 a5 ({RR} 8... c5 9. c4 Na6 10. Rc1 Rc8 11. e3 dxc4 12. bxc4 Qc7 13. Qe2 Rfd8 14. Rfd1 Qb8 15. Bh3 Nc7 16. Ne5 Bf8 17. d5 exd5 18. Bxc8 Qxc8 19. cxd5 Bxd5 20. Nd3 Nfe8 21. Nf4 Ba8 22. e4 Qa6 23. Qxa6 {1-0 Maghsoodloo,P (2461)-Tiviakov,S (2613) Rasht Khazar op 14th 2016 (6)}) 9. a3 a4 10. b4 c5 11. bxc5 $146 ({RR} 11. dxc5 bxc5 12. c3 Nbd7 13. Rc1 Qb6 14. Re1 e5 15. e4 dxe4 16. Ng5 e3 17. Rxe3 Bxg2 18. Kxg2 Nd5 19. Ngf3 Nxe3+ 20. fxe3 cxb4 21. cxb4 Rad8 22. Nc4 Qb7 23. Qxa4 f6 24. Na5 Qa8 25. Qb3+ Kh8 {1-0 Kashefi,A (2200)-Rodriguez,S (2252) Titled Tue 31st Oct Late 2023 (3)}) 11... bxc5 12. c4 Nbd7 13. Rb1 dxc4 14. Nxc4 Be4 15. Rc1 Qb8 16. Nfe5 Bxg2 17. Kxg2 Nxe5 18. dxe5 Nd5 19. Rb1 Qb5 20. Qc2 Nb6 21. Nd2 Qxe2 22. Rfe1 Qb5 23. Ne4 Rfd8 24. Bc1 Qc4 25. Qxc4 Nxc4 26. Rb7 Kf8 27. Bg5 Re8 28. Bxe7+ Rxe7 29. Rxe7 Kxe7 30. Nxc5 Ra5 31. Nb7 Ra7 32. Re4 Nxa3 33. Nc5 Nc2 34. Rxa4 Rxa4 35. Nxa4 Ne1+ 36. Kf1 Nf3 37. Ke2 Nxe5 38. f4 Nd7 39. Nc3 Nf6 40. Nd1 Kd6 41. Nf2 Kd5 42. Kd3 Nd7 43. Ng4 Nc5+ 44. Ke3 f6 45. Nf2 Nb7 46. Kd3 h6 47. Ke3 Nd6 48. Nd1 Kc4 49. Nf2 Kc3 50. Nd1+ Kc2 51. Nf2 Kc3 52. Nd1+ Kc4 53. Nb2+ Kd5 54. Nd1 Ne4 55. Kd3 Nc5+ 56. Ke3 f5 57. Nc3+ Kc4 58. Ne2 Nb3 59. Ng1 Nd4 60. Nh3 Kc3 61. Nf2 Nc2+ 62. Ke2 Nb4 63. h3 Kd4 64. g4 Nd5 65. Kf3 Nc3 66. h4 Nd5 67. gxf5 exf5 68. Nd1 Kd3 69. Nb2+ Kc3 70. Na4+ Kd4 71. Nb2 Nc3 72. h5 Nd5 73. Nd1 Kd3 74. Nb2+ Kc3 75. Na4+ Kd4 76. Kg3 Nf6 77. Kh4 Nd7 78. Kg3 Kc4 79. Nb2+ Kc3 80. Nd1+ Kd2 81. Nb2 Nb6 82. Kf3 Kc2 83. Ke3 Kxb2 84. Kd4 Nd7 0-1

[Event "45th Olympiad 2024"]
[Site "Budapest HUN"]
[Date "2024.09.21"]
[Round "10.43"]
[Board "3"]
[White "Blackburn, Jonathan L B"]
[Black "Kavin Mohan"]
[Result "1/2-1/2"]
[WhiteElo "2202"]
[BlackElo "1997"]
[PlyCount "196"]
[EventDate "2024.09.11"]
[WhiteTeam "Wales"]
[BlackTeam "Malaysia"]
[WhiteTeamCountry "WLS"]
[BlackTeamCountry "MAS"]

1. d4 Nf6 2. c4 e6 3. Nf3 d5 4. cxd5 exd5 5. Nc3 Nbd7 6. Bg5 Be7 7. Qc2 c6 8. e3 O-O 9. Bd3 Re8 10. O-O h6 11. Bf4 Bb4 ({RR} 11... Nb6 12. h3 Be6 13. Rad1 Rc8 14. a3 Nc4 15. Bxc4 dxc4 16. e4 Qa5 17. Ne5 Red8 18. Be3 Nd7 19. Nxd7 Bxd7 20. d5 Be8 21. Rd2 cxd5 22. exd5 Bd6 23. Bd4 Bd7 24. Qe4 Re8 25. Qf3 f5 26. Qh5 {½-½ Volodin,A (2457)-Ehlvest,J (2517) Eesti Masters rapid 2021 (2)}) 12. a3 Bxc3 13. bxc3 Nb6 $146 ({RR} 13... Nf8 14. h3 g5 15. Bg3 Ne4 16. Bh2 Bf5 17. Ne5 Be6 18. Rab1 f6 19. Ng4 h5 20. Nh6+ Kg7 21. f3 Nd6 22. Nf5+ Bxf5 23. Bxf5 b5 24. e4 Nxf5 25. exf5 a6 26. h4 gxh4 27. Qf2 Qd7 28. Qxh4 {½-½ Schaefer,M (2208)-Wallhof,D (2061) Bad Woerishofen op 17th 2001 (7)}) ({RR} 13... Ne4 14. c4 Nb6 15. c5 Nd7 16. Nd2 Ndf6 17. Bxe4 Nxe4 18. Nxe4 Rxe4 19. f3 Re6 20. Qb3 Rg6 21. Rad1 Qe7 22. Kh1 Bf5 23. Bg3 Re8 24. Bf2 Qg5 25. Rg1 Re7 26. Qb4 a6 27. Qe1 Qh5 28. Bh4 {0-1 Kalandadze,N (1816)-Sade,D (1902) TCh-TUR 2nd League 2024 (7.11)}) ({RR} 13... Nh5 14. Rfe1 Nxf4 15. exf4 Rxe1+ 16. Rxe1 Nf6 17. Ne5 Qc7 {½-½ Karl,M (1436)-Roesch,M Wittelsbach op 1st 2012 (7)}) 14. Ne5 Be6 15. a4 Nc4 16. Rfb1 Re7 17. Qe2 Qa5 18. Rb3 Nb6 19. c4 dxc4 20. Nxc4 Nxc4 21. Bxc4 b5 22. Bxe6 Rxe6 23. Qb2 bxa4 24. Rb4 Rae8 25. Rbxa4 Qb6 26. Rb4 Qd8 27. Rb8 Qd5 28. Rxa7 c5 29. h3 cxd4 30. Rxe8+ Rxe8 31. Qxd4 Qxd4 32. exd4 Re1+ 33. Kh2 Nd5 34. Be5 f6 35. Rd7 fxe5 36. Rxd5 exd4 37. Rxd4 Re5 38. Rd7 Kh7 39. Kg3 Ra5 40. Rd2 h5 41. Rd4 Kh6 42. Kf3 g6 43. Ke3 Re5+ 44. Kf4 Rf5+ 45. Ke3 Re5+ 46. Re4 Ra5 47. h4 Ra3+ 48. Kf4 Ra2 49. Ke3 Ra3+ 50. Kf4 Ra2 51. Kg3 Ra3+ 52. Re3 Ra5 53. Kh3 Rb5 54. Rc3 Ra5 55. Rb3 Rc5 56. Ra3 Rb5 57. f3 Rc5 58. Ra4 Rb5 59. Kg3 Rc5 60. Kf4 Rb5 61. Re4 Ra5 62. Rd4 Rb5 63. Ke4 Rb2 64. g3 Ra2 65. f4 Ra3 66. Rd3 Ra5 67. Ke3 Ra4 68. Kf3 Rb4 69. Ra3 Rc4 70. Ke2 Rb4 71. Rf3 Kg7 72. f5 Rb2+ 73. Ke1 Kf6 74. fxg6+ Kxg6 75. Kf1 Ra2 76. Rf2 Ra1+ 77. Kg2 Ra3 78. Rd2 Rb3 79. Rd6+ Kg7 80. Re6 Ra3 81. Kf2 Rb3 82. Re3 Rb4 83. Kf3 Kf6 84. Re4 Rb5 85. Rd4 Kg6 86. Ke4 Rb3 87. Rd6+ Kg7 88. Kf4 Rb4+ 89. Kf5 Rg4 90. Rd7+ Kh6 91. Rd6+ Kh7 92. Rd3 Kh6 93. Kf6 Rg6+ 94. Kf7 Rg7+ 95. Kf8 Rg4 96. Rf3 Kg6 97. Ke7 Kg7 98. Ke6 Kg6 1/2-1/2

[Event "45th Olympiad 2024"]
[Site "Budapest HUN"]
[Date "2024.09.21"]
[Round "10.43"]
[Board "4"]
[White "Azhar, Muhd Syakir Shazmeer"]
[Black "Bullen, Alex"]
[Result "1/2-1/2"]
[WhiteElo "2086"]
[BlackElo "2155"]
[PlyCount "170"]
[EventDate "2024.09.11"]
[WhiteTeam "Malaysia"]
[BlackTeam "Wales"]
[WhiteTeamCountry "MAS"]
[BlackTeamCountry "WLS"]

1. e4 c6 2. d4 d5 3. e5 c5 4. dxc5 e6 5. a3 Bxc5 6. Nf3 Nd7 7. Bd3 Qc7 ({RR} 7... f6 8. exf6 Ngxf6 9. O-O e5 10. Bb5 e4 11. b4 Bd6 12. Nd4 a6 13. Ba4 b5 14. Bb3 Nb6 15. Bg5 O-O 16. Qd2 h6 17. Bh4 Bxh2+ 18. Kh1 Be5 19. Nc3 Nc4 20. Bxc4 dxc4 21. Rad1 Qe8 22. f4 {0-1 Ivanovic,M (2239)-Dimitrov,R (2481) IM SWISS MIX Grocka 1 2024 (7.4)}) 8. Qe2 Ne7 9. O-O Nc6 $146 ({RR} 9... Ng6 10. b4 Be7 11. Re1 a5 12. bxa5 Rxa5 13. Bd2 Ra8 14. c4 dxc4 15. Bxc4 O-O 16. Nc3 Ndxe5 17. Nxe5 Nxe5 18. Qxe5 Qxc4 19. Re4 Qd3 20. Rd4 Qg6 21. Ne4 f5 22. Qc7 Bh4 23. Bb4 fxe4 24. Bxf8 {1-0 Bukala,W (1875)-Szczotka,K (1755) POL-ch U20 Girls 2021 (4)}) 10. Bb5 Nd4 11. Nxd4 Bxd4 12. Re1 O-O 13. Bxd7 Bxd7 14. c3 Bc5 15. Be3 Rac8 16. Nd2 Qxe5 17. Qg4 f5 18. Bxc5 Qxe1+ 19. Rxe1 fxg4 20. Bxa7 Rf5 21. Be3 e5 22. f3 gxf3 23. Nxf3 Re8 24. Bf2 Bc6 25. Bg3 d4 26. Nxe5 dxc3 27. bxc3 Ra8 28. Ra1 Ra5 29. Nxc6 bxc6 30. a4 Rf7 31. Bf2 Rf4 32. Bd4 c5 33. Be3 Rc4 34. Kf1 Kf7 35. Ke2 Ke6 36. Kd3 Kd5 37. Rf1 Rcxa4 38. Rf5+ Kd6 39. Rf7 Rg4 40. g3 c4+ 41. Ke2 Re4 42. Kf3 Re7 43. Rf4 Ra4 44. h4 Kd7 45. Bc5 Re5 46. Bd4 Re1 47. Kg4 Ra6 48. h5 g6 49. h6 Rae6 50. Kg5 Rh1 51. g4 Ra1 52. Rf7+ Re7 53. Rf8 Ke6 54. Rc8 Ra5+ 55. Kh4 Kd5 56. Bg7 Raa7 57. Bf6 Rec7 58. Rd8+ Ke4 59. Rd4+ Kf3 60. Bg7 Rc5 61. Rd1 Ra2 62. Rf1+ Kg2 63. Rd1 Re2 64. Bd4 Rb5 65. Rg1+ Kh2 66. Rf1 Rg2 67. Be3 Re2 68. Bd4 Rd5 69. Rf3 g5+ 70. Kh5 Re6 71. Rf5 Rd7 72. Rxg5 Kh3 73. Rf5 Rdd6 74. g5 Re4 75. Rf3+ Kg2 76. Rf6 Kh3 77. Rf3+ Kg2 78. Rf6 Rd7 79. Rf5 Kh3 80. Rf3+ Kg2 81. Rf5 Kh3 82. Rf3+ Kg2 83. Rf5 Kh3 84. Rf3+ Kg2 85. Rf5 Kh3 1/2-1/2

[Event "45th Olympiad 2024"]
[Site "Budapest HUN"]
[Date "2024.09.21"]
[Round "10.44"]
[Board "1"]
[White "Al-Ali, Hussein Ali Hussein"]
[Black "Arab, Adlane"]
[Result "0-1"]
[WhiteElo "2122"]
[BlackElo "2477"]
[PlyCount "102"]
[EventDate "2024.09.11"]
[WhiteTeam "Iraq"]
[BlackTeam "Algeria"]
[WhiteTeamCountry "IRQ"]
[BlackTeamCountry "ALG"]

1. e4 c5 2. Nf3 d6 3. c3 Nf6 4. Be2 Bg4 5. d3 e6 6. Nbd2 Nc6 7. O-O Be7 8. Re1 O-O 9. h3 Bh5 10. Nf1 d5 11. exd5 $146 ({RR} 11. e5 Nd7 12. Bf4 Bg6 13. N1h2 b5 14. a3 a5 15. d4 Qb6 16. Nf1 Rfd8 17. Bd3 Bxd3 18. Qxd3 b4 19. axb4 cxb4 20. Bg5 bxc3 21. Bxe7 Nxe7 22. bxc3 Qa6 23. Qd2 Rdb8 24. Ng3 a4 25. Nh2 a3 {1-0 Aravindh,C (2245)-Yogit,S (1938) Raisoni Memorial op U15 2012 (3)}) ({RR} 11. Ng3 Bg6 12. Nh4 dxe4 13. Nxg6 hxg6 14. Nxe4 Nd5 15. a3 e5 16. Bf1 Qd7 17. Nd2 Bg5 18. g3 Rad8 19. Qc2 Rfe8 20. Nc4 Bxc1 21. Raxc1 g5 22. Qd2 Qf5 23. Ne3 Nxe3 24. Qxe3 b6 25. Rcd1 Re6 {½-½ Callet,A (1736)-Gautier,A (1942) FRA-ch U14 Saint Paul Trois Chateaux 2013 (6)}) 11... Nxd5 12. Ng3 Bg6 13. Bf1 Qc7 14. h4 h6 15. h5 Bh7 16. Qa4 Rfd8 17. Ne4 a6 18. a3 b5 19. Qc2 Nf6 20. Nxf6+ Bxf6 21. c4 Nd4 22. Nxd4 Bxd4 23. Rb1 bxc4 24. Qxc4 Rd5 25. Be3 Rxh5 26. g3 Bxe3 27. Rxe3 Rd5 28. Rc1 Qd8 29. Bg2 Rd4 30. Qxc5 Rb8 31. Bf1 a5 32. Rc2 Bf5 33. Qc3 a4 34. Qc6 h5 35. Rc5 h4 36. gxh4 Rg4+ 37. Rg3 Rxg3+ 38. fxg3 Qd4+ 39. Kh2 Qf2+ 40. Bg2 Rxb2 41. Rc4 Rb1 42. Rc1 Rxc1 43. Qxc1 Bxd3 44. Qc6 Bf1 45. Qf3 Qxg2+ 46. Qxg2 Bxg2 47. Kxg2 Kh7 48. Kf3 Kg6 49. Kf4 Kh5 50. Kf3 e5 51. Ke4 Kg4 0-1

[Event "45th Olympiad 2024"]
[Site "Budapest HUN"]
[Date "2024.09.21"]
[Round "10.44"]
[Board "2"]
[White "Djabri, Massinas"]
[Black "Zozek Salah Mohammed"]
[Result "1-0"]
[WhiteElo "2280"]
[BlackElo "2180"]
[PlyCount "73"]
[EventDate "2024.09.11"]
[WhiteTeam "Algeria"]
[BlackTeam "Iraq"]
[WhiteTeamCountry "ALG"]
[BlackTeamCountry "IRQ"]

1. d4 {Krasenkow,Michal} d5 2. c4 e6 3. Nc3 Nf6 4. Nf3 c5 5. cxd5 Nxd5 6. e4 Nxc3 7. bxc3 cxd4 8. cxd4 Bb4+ 9. Bd2 Bxd2+ 10. Qxd2 O-O 11. Bc4 Nd7 12. O-O b6 13. Rfe1 ({RR} 13. a4) ({RR} 13. d5) ({RR} 13. Rad1 Bb7 14. d5) 13... Bb7 14. Rad1 Rc8 15. Bd3 ({RR} 15. Bb3) 15... Re8 ({RR} 15... Qc7) ({RR} 15... Qf6) ({RR} 15... Qe7) ({RR} 15... h6) 16. Qf4 ({RR} 16. h4 Nf8 ({RR} 16... h6 17. Bb5 ({RR} 17. a4 Re7) 17... Re7 18. Bxd7 Rxd7 19. Ne5 Rdc7 20. Qf4 Qd6 21. Qg4 Rc2 22. Qh5 R8c7 23. Ng4 Rxa2 24. d5 Kh7 25. e5 Qb4 26. d6 Rd7) 17. h5 ({RR} 17. a4 Re7) 17... h6 18. a4 Nh7 19. Qf4 Rc3 ({RR} 19... Qc7 20. e5 Nf6 21. Nd2 Nd5 22. Qe4 f5 23. exf6 Nxf6) ({RR} 19... Ng5) 20. Bb5 Rf8 ({RR} 20... Re7 21. d5 exd5 22. exd5 Rxe1+ 23. Rxe1 Nf6 24. d6 Rc5 ({RR} 24... Bxf3 25. gxf3 Rc5 26. Bc4 Rc6 27. Re7) 25. Re7 ({RR} 25. Bc4 Bd5) 25... Bxf3 26. Qxf3 Qxd6 27. Rxa7 Rc1+ 28. Bf1 Qe6) 21. d5 exd5 22. exd5 Bxd5 ({RR} 22... Nf6 23. d6) ({RR} 22... a6 23. Bd3 Nf6 24. d6) 23. Ne5 Nf6 24. Bc4 ({RR} 24. Nc6 Qa8 25. Ne7+ Kh8 26. Nxd5 Nxd5 27. Qd4 Rc5 28. Re5 Nc7) 24... Qa8 25. Bxd5 Nxd5 26. Qd2 ({RR} 26. Qd4 Rd8 27. Re3 Rc7 28. Rg3 f6 29. Ng6) 26... Rd8 27. Re4 Qb8 ({RR} 27... Qc8 28. Rd4 ({RR} 28. Ng4 Rd6 29. Qe1 ({RR} 29. Qe2 Nf4 30. Re8+ Kh7 31. Qe4+ f5) ({RR} 29. Rd4 Rc4) 29... Kf8 30. Red4 Rc5) 28... Rc5 ({RR} 28... Rc2 29. Qd3 Rc3 30. Qe4 Rc1) 29. Ng4 Re8 30. Nxh6+ gxh6 31. Rxd5 Qg4) 28. Ng4 f5 ({RR} 28... Rd6 29. Rd4 ({RR} 29. Ne3 Nf6) 29... Rc5 30. Ne3) 29. Rd4 fxg4 ({RR} 29... Rdc8 30. Nxh6+ gxh6 31. Rxd5 R3c6 32. Rd7) 30. Qxc3 Nxc3 {1-0 Mamedyarov,S (2729)-Socko,B (2635) Olympiad-40 Istanbul 2012 (9.2)}) ({RR} 16. h3 Nf8 17. h4 Re7 18. h5 h6 19. Qf4 Qc7 20. Qh4 Rd7 21. Bb5 Rdd8 22. Ne5 Nh7 23. Bc4 Nf6) ({RR} 16. Qe3 Rc3 17. e5 Qc7 18. Ng5 Nf8 19. Ne4 Bxe4 20. Qxe4 Rd8 21. h4 Qe7) ({RR} 16. Bb1 Nf8 ({RR} 16... h6 17. h3 Qc7 18. Nh2 Qc3 19. Qf4 e5 ({RR} 19... Nf8 20. Re3 Ng6 21. Qg4 Qc7 22. e5) 20. Qf5 Nf6 21. d5 Qb4) 17. Re3 Re7 ({RR} 17... Qd6 18. Qb2 Red8) ({RR} 17... Ng6 18. Ra3 a6 19. Rb3 Rc6) 18. h4 Rec7 ({RR} 18... Rd7 19. h5 Qf6 20. Ra3 a6 21. Rb3 b5 22. Ne5 Rdd8 23. a4) 19. Ra3 Ba8 20. h5 h6 21. Nh2 Qg5 22. Qxg5 hxg5 23. Kf1 Rc1 24. Ke2 Rxd1 25. Kxd1 Rd8 26. Nf3 g4 27. Nd2 Rxd4 28. Rxa7 Bc6) ({RR} 16. h3 Qc7 17. Qg5 h6 18. Qh4 Qd8 19. Qg3 Qc7 20. Qh4 Qd8 21. Qg3 Nf6 22. d5 exd5 23. e5 Nd7 24. Nd4 Qg5 25. Qxg5 hxg5 26. Bf5 Rcd8 27. e6 Nc5 28. e7 Rb8 29. Nb5 Ne4 30. f3 Rxe7 {1-0 Zujev,O (2263)-Kokoszczynski,J (2287) Titled Tue 16th Apr Early 2024 (1)}) 16... Nf8 $146 ({RR} 16... Qf6 17. Qg3 h6 18. d5 e5 19. Bb5 Rcd8 20. Rc1 a6 21. Bxd7 Rxd7 22. Rc3 Qd6 23. Nh4 g6 24. Rec1 Kh7 25. Nf3 f5 26. Rc6 Bxc6 27. Rxc6 Rc7 28. Rxc7+ Qxc7 29. h4 fxe4 30. Nd2 Qc1+ 31. Nf1 {0-1 Mirzoev,E (2480)-Amanov,Z (2338) Titled Tuesday intern op 08th Sept blitz 2020 (8)}) ({RR} 16... Qf6 17. Qg4 Qg6 ({RR} 17... Qh6) ({RR} 17... Qe7) 18. Qh3 Nf6 19. e5 Qh5 20. Qg3 Nd7 ({RR} 20... Nd5 21. Ng5 h6 22. Ne4) 21. Ng5 ({RR} 21. Nd2 Bd5 22. Nf1) 21... Nf8 22. Be4 Bd5 23. f3 h6 24. Nh3 Bxe4 25. fxe4 Rc2) ({RR} 16... Qf6 17. Qg3 Qg6 18. Qf4 Qf6 19. Qg3 Qg6 20. Qf4 Qf6 {½-½ Pedersen,S (2441)-Gyimesi,Z (2613) Bundesliga 0405 2004 (8.1)}) ({RR} 16... Qf6 17. Qg3 h6 18. e5 Qe7 19. Nd2 Qg5 20. Qh3 Bd5 21. Re3 f5 22. exf6 Nxf6 23. Nf3 Qg4 24. Qxg4 Nxg4 25. Re2 Rc3 26. Ne5 Nxe5 27. dxe5 Rec8 28. f3 Rc1 29. Ree1 Rxd1 30. Rxd1 Rc5 31. Bg6 {½-½ Olsar,Z (1984)-Galvanek,L (2091) Litomysl op 12th 2010 (8)}) 17. h4 Ng6 18. Qg4 h6 19. d5 exd5 20. e5 Nf8 21. Nd4 Qd7 22. Nf5 g6 23. Nxh6+ Kg7 24. Qg5 Nh7 25. Qf4 Rc5 26. Ng4 Re6 27. Qh6+ Kg8 28. Bf5 gxf5 29. Nf6+ Rxf6 30. exf6 Nxf6 31. Qg5+ Kh7 32. Qxf6 Rc6 33. Qg5 Rg6 34. Re7 Qd6 35. Rxf7+ Kg8 36. Qxf5 Bc8 37. Rf8+ 1-0

[Event "45th Olympiad 2024"]
[Site "Budapest HUN"]
[Date "2024.09.21"]
[Round "10.44"]
[Board "3"]
[White "Salih, Akar Ali Salih"]
[Black "Brahami, Lamine"]
[Result "1-0"]
[WhiteElo "2174"]
[BlackElo "2188"]
[PlyCount "77"]
[EventDate "2024.09.11"]
[WhiteTeam "Iraq"]
[BlackTeam "Algeria"]
[WhiteTeamCountry "IRQ"]
[BlackTeamCountry "ALG"]

1. e4 c5 2. Nc3 Nc6 3. f4 g6 4. Nf3 Bg7 5. a4 d6 6. Bb5 Bd7 ({RR} 6... Nh6 7. d3 O-O 8. Bxc6 bxc6 9. O-O f5 10. e5 Nf7 11. Qe1 dxe5 12. fxe5 Nxe5 13. Nxe5 Qd4+ 14. Kh1 Qxe5 15. Bg5 Rf7 16. Qh4 Qb8 17. Rab1 e5 18. Be7 Qb6 19. Ne4 fxe4 20. Rxf7 Kxf7 21. Rf1+ {½-½ Iuldachev,S (2508)-Hamdouchi,H (2576) Sort op 3rd 2007 (9)}) 7. d3 Nd4 8. Bc4 e6 9. Nxd4 $146 ({RR} 9. O-O Ne7 10. e5 Nxf3+ 11. Qxf3 d5 12. Bb3 O-O 13. Kh1 Bc6 14. Qf2 Rc8 15. Ne2 c4 16. Ba2 Nf5 17. d4 Bxa4 18. c3 Bc2 19. Bb1 Bxb1 20. Rxb1 h5 21. g3 f6 22. Qg2 Bh6 23. h3 fxe5 {0-1 Figueredo Losada,L (2323)-Niemann,H (2676) Titled Tue 16th Apr Early 2024 (1)}) 9... cxd4 10. Ne2 Ne7 11. Bb3 O-O 12. O-O f5 13. Kh1 Kh8 14. c3 Nc6 15. Bd2 Rc8 16. exf5 Rxf5 17. Ng3 Rf8 18. Ne4 Qe7 19. cxd4 Bxd4 20. Bc3 e5 21. Qd2 Rf5 22. fxe5 dxe5 23. Rxf5 gxf5 24. Ng5 Rf8 25. Re1 Bxc3 26. bxc3 Qg7 27. Ne6 Bxe6 28. Bxe6 Re8 29. Bxf5 Qf6 30. Be4 Rf8 31. Kg1 Qd6 32. Qe3 Re8 33. Rf1 Qe7 34. Qh6 Qg7 35. Qh5 Re7 36. Rf3 Nd8 37. Rg3 Qf6 38. Bxh7 Nf7 39. Rg8# 1-0

[Event "45th Olympiad 2024"]
[Site "Budapest HUN"]
[Date "2024.09.21"]
[Round "10.44"]
[Board "4"]
[White "Boulrens, Ala Eddine"]
[Black "Alothman, Ali Layth Ahmed"]
[Result "0-1"]
[WhiteElo "2137"]
[BlackElo "2161"]
[PlyCount "128"]
[EventDate "2024.09.11"]
[WhiteTeam "Algeria"]
[BlackTeam "Iraq"]
[WhiteTeamCountry "ALG"]
[BlackTeamCountry "IRQ"]

1. e4 e5 2. Nf3 Nc6 3. Bc4 Nf6 4. Qe2 Bc5 5. c3 d6 6. d3 a6 7. Bb3 Ba7 8. Nbd2 O-O ({RR} 8... Ne7 9. Nf1 Ng6 10. g3 h6 11. Be3 c5 12. Bd2 Be6 13. Ne3 Qd7 14. h4 Ne7 15. Bxe6 fxe6 16. h5 O-O-O 17. O-O-O Qe8 18. Ne1 d5 19. Ng4 Nc6 20. Nxf6 gxf6 21. Nc2 Qf7 22. Kb1 f5 23. f4 {1-0 Nikolovski,N (2340)-Pancevski,F (2453) Open ch-MKD 2023 (6.2)}) 9. Nf1 h6 10. Ng3 Re8 $146 ({RR} 10... Ne7 11. Nh4 Kh7 12. Be3 Ng6 13. Nxg6 Kxg6 14. Nf5 Kh7 15. g4 Bxe3 16. Nxe3 g6 17. O-O-O c6 18. h4 h5 19. g5 Ne8 20. Rdf1 Ng7 21. f4 exf4 22. Rxf4 Be6 23. Rhf1 Kg8 24. Rf6 a5 25. Qf2 {1-0 Mantovani,R (2365)-Flear,C (2185) Aosta op 1990 (5)}) 11. O-O Be6 12. Nh4 Bg4 13. Qe1 Na5 14. Bc2 Nc6 15. Kh1 Nh5 16. Ngf5 Ne7 17. Ne3 Be6 18. Qd1 Nf4 19. g3 Nfg6 20. Nhf5 d5 21. Qh5 Qd7 22. Nxe7+ Nxe7 23. Qe2 f5 24. Bd2 Rf8 25. Ng2 Ng6 26. f3 f4 27. gxf4 exf4 28. d4 dxe4 29. fxe4 Bg4 30. Qc4+ Kh8 31. Nxf4 Nxf4 32. Bxf4 Bh3 33. Rf2 c5 34. d5 b5 35. Qe2 c4 36. Be3 Bg4 37. Qf1 Rxf2 38. Qxf2 Bxe3 39. Qxe3 Rf8 40. Qg3 Bf3+ 41. Kg1 Qa7+ 42. Qf2 Qxf2+ 43. Kxf2 Bxe4+ 44. Ke3 Bxc2 45. Kd4 Rf2 46. d6 Rxh2 47. Rf1 Rd2+ 48. Ke5 Kg8 49. Ke6 g6 50. b3 cxb3 51. axb3 Bxb3+ 52. Ke7 Re2+ 53. Kd8 Be6 54. Ra1 h5 55. Rxa6 Bf5 56. Ra5 h4 57. Rxb5 h3 58. Rb4 g5 59. Rb5 h2 60. Rxf5 h1=Q 61. Rxg5+ Kf7 62. Kc7 Qa1 63. Rc5 Qa7+ 64. Kc6 Ke6 0-1

[Event "45th Olympiad 2024"]
[Site "Budapest HUN"]
[Date "2024.09.21"]
[Round "10.45"]
[Board "1"]
[White "Mwali, Chitumbo"]
[Black "Barbaria, Yacine"]
[Result "0-1"]
[WhiteElo "2312"]
[BlackElo "2179"]
[PlyCount "126"]
[EventDate "2024.09.11"]
[WhiteTeam "Zambia"]
[BlackTeam "Tunisia"]
[WhiteTeamCountry "ZAM"]
[BlackTeamCountry "TUN"]

1. c4 c6 2. g3 d5 3. Nf3 Nf6 4. Bg2 Bf5 5. cxd5 cxd5 6. Ne5 ({RR} 6. d3 Nc6 7. Qb3 Na5 8. Qa4+ Bd7 9. Qf4 e6 10. O-O Be7 11. Nc3 Rc8 12. e4 O-O 13. e5 Ne8 14. Be3 f6 15. Qg4 Nc6 16. d4 f5 17. Qf4 Nb4 18. Rad1 Qb6 19. a3 Nc2 20. Bc1 Nc7 {1-0 Molner,M (2501)-Perez Garcia,R (2364) Quebec-ch op 2013 (8)}) 6... Nbd7 7. d4 ({RR} 7. f4 Be4 8. Nf3 e6 9. Nc3 Bg6 10. O-O Bc5+ 11. d4 Be7 12. Nh4 O-O 13. f5 Bxf5 14. Nxf5 exf5 15. Nxd5 Nxd5 16. Bxd5 g6 17. Bh6 Re8 18. Qb3 {1-0 Schupp,T (2092)-Fischer,U (1774) Rhein Main op-A 18th 2015 (7)}) 7... e6 $146 ({RR} 7... Qc7 8. Nc3 e6 9. O-O Bb4 10. Bf4 Qa5 11. Nxd7 Nxd7 12. e4 dxe4 13. Nxe4 Bxe4 14. Bxe4 Nf6 15. Bxb7 O-O 16. a3 Be7 17. Bxa8 Rxa8 18. Rc1 Nd5 19. Qd2 Qa4 20. Rfd1 h6 21. Be3 Bf6 22. Qc2 {1-0 Fierro Baquero,M (2377)-Bernardi,R (2149) Ortisei Server24 op 1st 2012 (4)}) 8. O-O Bd6 9. Bf4 Bxe5 10. dxe5 Ne4 11. Nd2 Nxd2 12. Qxd2 O-O 13. Rac1 Nb6 14. b3 Qd7 15. a4 Bg6 16. Be3 Nc8 17. g4 Ne7 18. Bc5 Rfd8 19. Qg5 Nc6 20. h4 h6 21. Qf4 b6 22. Bd6 f6 23. Bh3 Rac8 24. Qe3 d4 25. Qg3 fxe5 26. Bxe5 Qd5 27. Bf4 d3 28. exd3 Nd4 29. Qe3 Rxc1 30. Rxc1 Nf3+ 31. Kh1 Nxh4+ 32. Kh2 e5 33. Bg3 Nf3+ 34. Kh1 Bxd3 35. Bg2 Be4 36. Bxe5 Qd1+ 37. Rxd1 Rxd1+ 38. Bf1 Rxf1+ 39. Kg2 Rg1+ 40. Kh3 Ng5+ 41. Kh4 Rh1+ 42. Kg3 Rh3+ 43. Kf4 Rxe3 44. Kxe3 Bc2 45. Bb8 Bxb3 46. Bxa7 Bxa4 47. Bxb6 Bd1 48. Kf4 Kf7 49. Kf5 Ne6 50. Be3 Bf3 51. Bd2 g5 52. Be3 Ng7+ 53. Ke5 Kg6 54. Bc5 Ne8 55. Be7 Nc7 56. Bd6 Nd5 57. Kd4 Nf4 58. Ke3 Bxg4 59. Bxf4 gxf4+ 60. Kxf4 Bd7 61. f3 h5 62. Kg3 Kg5 63. f4+ Kf5 0-1

[Event "45th Olympiad 2024"]
[Site "Budapest HUN"]
[Date "2024.09.21"]
[Round "10.45"]
[Board "2"]
[White "Ben Ammar, Mohamed"]
[Black "Mulenga, Prince Daniel"]
[Result "1-0"]
[WhiteElo "2143"]
[BlackElo "2184"]
[PlyCount "79"]
[EventDate "2024.09.11"]
[WhiteTeam "Tunisia"]
[BlackTeam "Zambia"]
[WhiteTeamCountry "TUN"]
[BlackTeamCountry "ZAM"]

1. d4 Nf6 2. Nf3 g6 3. c4 c5 4. d5 b5 5. cxb5 a6 6. b6 d6 7. Nc3 Nbd7 8. a4 Qxb6 9. e4 Bg7 10. Be2 O-O 11. a5 Qb8 12. Nd2 Ne8 13. Nc4 Nc7 14. O-O Nb5 15. Na4 Nd4 16. Nab6 Nxb6 $146 ({RR} 16... Ra7 17. Be3 f5 18. exf5 gxf5 19. f4 Nxe2+ 20. Qxe2 Nf6 21. Kh1 Rc7 22. Rad1 Bb7 23. b4 cxb4 24. Bd4 Qe8 25. Ne3 Qg6 26. Qb2 e6 27. Qxb4 Nxd5 28. Nbxd5 Bxd5 29. Nxd5 exd5 30. Rd3 Rc4 31. Qb7 {½-½ Williams,A (2329)-Pleasants,A (2045) WLS-ch 60th Cardiff 2014 (4)}) 17. Nxb6 Ra7 18. Bd3 Bd7 19. Bxa6 Be8 20. Bd3 f5 21. exf5 gxf5 22. Bf4 Bf7 23. Bc4 Kh8 24. Re1 Bf6 25. Re3 Rg8 26. h3 Be5 27. Bxe5+ dxe5 28. Rg3 f4 29. Rxg8+ Qxg8 30. Qg4 Bg6 31. d6 e6 32. Qg5 Rg7 33. Qf6 h6 34. d7 Kh7 35. d8=Q Qxd8 36. Qxd8 Be4 37. Bf1 Bxg2 38. Bxg2 f3 39. Qd7 fxg2 40. Qxg7+ 1-0